| 000 | 00372cam a2200169ua 4500 | ||
|---|---|---|---|
| 001 | 7837 | ||
| 008 | 130704n ii |||gr||||Z||||||eng | ||
| 040 | _aMAIN | ||
| 041 | _aEnglish | ||
| 082 | _bPRA | ||
| 100 | _aPradhan,N.S. | ||
| 245 | _aElements of Salesmanship and Publicity | ||
| 250 | _a6th. | ||
| 260 |
_aAllahabad: _bKitab Mahal. |
||
| 300 | _a359. | ||
| 942 | _cBK | ||
| 999 |
_c7825 _d7825 |
||